000 00917nam a2200241 a 4500
001 BRCA_100
005 20190320202859.0
008 931118s1991 mx-a---###---#000-0#spa-d
020 _a9681636317
040 _aNSbSU
_cNSbSU
_dDLC
050 4 _aF1391.P8
_b.P25 1991
100 1 _aParedes Martínez, Carlos S.
_9390
245 1 0 _aLa región de Atlixco, Huaquechula y Tochimilco
_bla sociedad y su agricultura en el siglo XVI
_cCarlos Salvador Paredes Martínez.
260 _aMéxico
_bFCE
_c1991
300 _a182 p., [12] hojas de láminas (algunas dobladas)
_bil. (algunas a color), mapas
_c29 cm.
440 0 _aColección Puebla
_9391
500 _aIncluye índice de ilustraciones
504 _aBibliografía: p. 163-175
650 1 4 _aAgricultura
_zPuebla (México)
_9392
651 4 _aPuebla (México)
_xCondiciones sociales
_9393
651 4 _aMéxico
_xHistoria
_yColonia española, 1540-1810
_9394
942 _2lcc
_cB
999 _c86
_d86